|
|
|
|
| LEADER |
00000nab a2200000uu 4500 |
| 001 |
vtls010902463 |
| 003 |
SK-MaSNL |
| 005 |
20260303110609.0 |
| 008 |
230121|2009 xo |||||||||||||||||eng| |
| 015 |
|
|
|a SNBRB
|
| 035 |
|
|
|a (urnnbn)urn:nbn:sk:snk:ar-a07ouu
|
| 035 |
|
|
|a (uuid)ad529429-35ee-4fad-be42-124ad740a686
|
| 035 |
|
|
|a urn:nbn:sk:snk-ab8tpx
|
| 040 |
|
|
|a SNKBUCL
|b slo
|c SNKBUCL
|e AACR2
|
| 041 |
0 |
|
|a eng
|
| 044 |
|
|
|a xo
|c SK
|
| 100 |
1 |
|
|a Čekan, Peter,
|d 1982-
|4 aut
|9 721269
|
| 245 |
1 |
0 |
|a THE RISKS OF NOISY WORKING ENVIRONMENT
|c Peter Čekan, Rastislav Bilas, Terézia Čekanová
|
| 700 |
1 |
|
|a Bilas, Rastislav
|4 aut
|9 410782
|
| 700 |
1 |
|
|a Čekanová, Terézia,
|d 1982-
|4 aut
|9 721270
|
| 773 |
0 |
|
|t Acta avionica : vedecký časopis
|g Roč. 11, č. 18 (2009), s. 25-29
|
| 954 |
|
|
|a odborná, vedecká literatúra pôvodná (slovenská)
|2 lita
|
| 958 |
|
|
|a OND
|
| 958 |
|
|
|a EUIPO
|
| 958 |
|
|
|a article10
|
| 999 |
|
|
|c 1871237
|d 1873167
|